Animal Genetics And Breeding, សេនេទិច និងបង្កាត់ពូជសត្វ. (Record no. 25526)

000 -LEADER
fixed length control field 00415nam a22001217a 4500
040 ## - CATALOGING SOURCE
Transcribing agency RUA
082 ## - DEWEY DECIMAL CLASSIFICATION NUMBER
Classification number ANI PHE 2022 C160 Or.
100 ## - MAIN ENTRY--AUTHOR NAME
Personal name PHEM MENGHAK, ភឹម ម៉េងហាក់
245 ## - TITLE STATEMENT
Title Animal Genetics And Breeding, សេនេទិច និងបង្កាត់ពូជសត្វ.
260 ## - PUBLICATION, DISTRIBUTION, ETC. (IMPRINT)
Place of publication PHNOM PENH
Name of publisher RUA
Year of publication 20227
300 ## - PHYSICAL DESCRIPTION
Number of Pages i.70p.
Other physical details ill.
Dimensions 29cm.
942 ## - ADDED ENTRY ELEMENTS (KOHA)
Koha item type សៀវភៅគោល
952 ## - LOCATION AND ITEM INFORMATION (KOHA)
Withdrawn status [LOCAL, KOHA] 0
Holdings
Permanent Location Date acquired Koha item type Lost status Shelving location Barcode Current Location Full call number
Library Block C2026-03-03សៀវភៅគោល C160C034462Library Block CANI PHE 2022 C160 Or.
មជ្ឈមណ្ឌលឯការនៃសាកលវិទ្យាល័យភូមិន្ទកសិកម្មចំការដូង

Powered by Koha